000 00371nam a22001217u 4500
008 130405s xxu||||| |||| 00| 0 spa d
041 _aspa
245 0 0 _aEstudios del IV Congreso Eucaristico Nacional celebrado en Granada del 15 al 19 de Mayo 1957
260 _aGranada:
_bImprenta de Francisco Román Camacho
300 _a582 p.
_c;24 cm.
942 _cBK
001 92216
999 _c289860
_d289860